000 01398nas1a22003491 4500
001 RU\NLR\Per19\1320
005 20260406095438.0
035 _a(NLR Aleph) 011840320
090 _a12052308
_c12052308
100 _a20251221 rusy50
101 0 _arus
102 _aRU
110 _aay|||||||||
200 1 _aОсенния вечера.
_eЕженедельное издание. 1803 года.
210 _aВ Санктпетербурге
_cПри Губернском правлении
_d1803
215 _d8° (21 см)
518 1 _aОсенние вечера
702 1 _aМалиновский
_bВ.Ф.
_f1765-1817
_gВасилий Федорович
702 1 _aМаксимов
_bА.Г.
_f1862-?
_gАлександр Гаврилович
702 1 _7ca
_8rus
_aМазурин
_bФ. Ф.
_f1845-1898
_gФёдор Фёдорович
_3RU\NLR\AUTH\770287865
_92690367
801 2 _aRU
_bNLR
_c20141009
_2rusmarc
852 _aNLR
_j2/1130
_y№ 1-3, 5-8
856 4 _lSV_CAT
_tVIEW
_uhttps://webservices.nlr.ru/viewer/file?name=p011840320_001.jpg
_x001
_yСтраница
856 4 _lSV_CAT
_tVIEW
_uhttps://webservices.nlr.ru/viewer/file?name=p011840320_002.jpg
_x002
_yСтраница
899 _aРГБ
_z№ 1-3, 5-8
899 _aБАН
899 _aГПИБ
_z№ 1-3, 5-8
899 _aРГАДА
942 _cJOURNAL
980 _aNB
980 _aA1PER19